|
|
|
|
| LEADER |
00000naa2a2200000 4500 |
| 001 |
605801 |
| 005 |
20251128142344.0 |
| 035 |
|
|
|a (RuTPU)RU\TPU\conf\3113
|
| 035 |
|
|
|a RU\TPU\conf\3111
|
| 090 |
|
|
|a 605801
|
| 100 |
|
|
|a 20140430d2014 k y0rusy50 ca
|
| 101 |
0 |
|
|a rus
|
| 102 |
|
|
|a RU
|
| 105 |
|
|
|a y z 101zy
|
| 135 |
|
|
|a drnn ---uucaa
|
| 181 |
|
0 |
|a i
|
| 182 |
|
0 |
|a b
|
| 200 |
1 |
|
|a Выбор оптимальной ширины электрода ленточного активного элемента
|f О. Ю. Стахеева
|g науч. рук. А. Г. Иванова
|
| 203 |
|
|
|a Текст
|c электронный
|
| 225 |
1 |
|
|a Современные концепции управления качеством в производственных системах и анализ рисков
|
| 300 |
|
|
|a Заглавие с титульного экрана
|
| 320 |
|
|
|a [Библиогр.: с. 269 (4 назв.)]
|
| 337 |
|
|
|a Adobe Reader
|
| 463 |
|
0 |
|0 (RuTPU)RU\TPU\conf\2833
|t Космическое приборостроение
|o сборник научных трудов II Всероссийского форума школьников, студентов, аспирантов и молодых ученых с международным участием, г. Томск, 10-12 апреля 2014 г.
|f Национальный исследовательский Томский политехнический университет (ТПУ)
|v [С. 266-269]
|d 2014
|
| 610 |
1 |
|
|a труды учёных ТПУ
|
| 610 |
1 |
|
|a электронный ресурс
|
| 610 |
1 |
|
|a ширина
|
| 610 |
1 |
|
|a электроды
|
| 610 |
1 |
|
|a активные элементы
|
| 610 |
1 |
|
|a моментные двигатели
|
| 700 |
|
1 |
|a Стахеева
|b О. Ю.
|
| 702 |
|
1 |
|a Иванова
|b А. Г.
|c специалист в области точного приборостроения
|c инженер Томского политехнического университета
|f 1989-
|g Антонина Геннадьевна
|4 727
|
| 712 |
0 |
2 |
|a Национальный исследовательский Томский политехнический университет
|c (2009- )
|9 26305
|
| 801 |
|
2 |
|a RU
|b 63413507
|c 20140430
|g RCR
|
| 856 |
4 |
|
|u http://www.lib.tpu.ru/fulltext/c/2014/C22/087.pdf
|
| 942 |
|
|
|c BK
|